Psicología del trabajo (Record no. 125433)

MARC details
000 -LEADER
fixed length control field 01240nam a22002657a 4500
005 - DATE AND TIME OF LATEST TRANSACTION
control field 20220912090726.0
008 - FIXED-LENGTH DATA ELEMENTS--GENERAL INFORMATION
fixed length control field 170202b xxu ||||| |||| 00| 0 eng d
020 ## - INTERNATIONAL STANDARD BOOK NUMBER
International Standard Book Number 9786074485752 (El Manual Moderno)
020 ## - INTERNATIONAL STANDARD BOOK NUMBER
International Standard Book Number 9786070280634 (Universidad Nacional Autónoma de México)
050 04 - LIBRARY OF CONGRESS CALL NUMBER
Classification number HF5548.85
-- HD7261
Item number U75 2016
100 ## - MAIN ENTRY--PERSONAL NAME
Personal name Uribe Prado, Jesús Felipe
Relator term autor
245 10 - TITLE STATEMENT
Title Psicología del trabajo
Remainder of title : un entorno de factores psicosociales saludables para la productividad
Statement of responsibility, etc / Jesús Felipe Uribe Prado ; editor responsable Santiago Viveros Fuentes ; colaboradores Hugo Figueiredo-Ferraz ...[et, al.].
250 ## - EDITION STATEMENT
Edition statement 1a. ed.
260 ## - PUBLICATION, DISTRIBUTION, ETC. (IMPRINT)
Place of publication, distribution, etc México :
Name of publisher, distributor, etc El Manual Moderno ;
-- Universidad Nacional Autónoma de México, Ciudad Universitaria,
Date of publication, distribution, etc 2016
300 ## - PHYSICAL DESCRIPTION
Extent li. ; 218 p.
Other physical details il. ;
Dimensions 23 cm.
504 ## - BIBLIOGRAPHY, ETC. NOTE
Bibliography, etc Incluye bibliografía (referencias), índice
650 #7 - SUBJECT ADDED ENTRY--TOPICAL TERM
Topical term or geographic name as entry element Ambiente de trabajo
Source of heading or term lemb
650 #7 - SUBJECT ADDED ENTRY--TOPICAL TERM
Topical term or geographic name as entry element Comportamiento organizacional
Source of heading or term lemb
700 1# - ADDED ENTRY--PERSONAL NAME
Personal name Viveros Fuentes, Santiago
Relator term editor
700 1# - ADDED ENTRY--PERSONAL NAME
Personal name Figueiredo-Ferraz, Hugo
Relator term colaborador
700 1# - ADDED ENTRY--PERSONAL NAME
Personal name Galiana Llinares, Laura
Relator term colaborador
700 1# - ADDED ENTRY--PERSONAL NAME
Personal name García Rivera, Blanca Rosa
Relator term colaborador
700 1# - ADDED ENTRY--PERSONAL NAME
Personal name García Saisó, Alejandra
Relator term colaborador
942 ## - ADDED ENTRY ELEMENTS (KOHA)
Source of classification or shelving scheme Biblioteca del Cogreso de los Estados Unidos
Koha item type Libro
Holdings
Estado de pérdida Fuente de clasificación Estado del daño No para préstamo Ubicación permanente Ubicación actual Apartado o colección Fecha de adquisición Fuente de adquisición Edición Enumeración de Serie / Cronológica Dependencia de educación superior (DES) Área del conocimiento Clasificación Código de Barras Date last seen Número de copia Tipo de recurso Costo por reposición
  Biblioteca del Cogreso de los Estados Unidos   Consulta Biblioteca de la Facultad de Contaduría y Ciencias Administrativas Biblioteca de la Facultad de Contaduría y Ciencias Administrativas General 08/07/2019 Unidad Académica Generado 1a ed.   Ciencias Económico Administrativas Ciencias Sociales y Administrativas HF5548.85 U75 2016 BCCA000012183 08/07/2019 C:1 Libro 280.00
  Biblioteca del Cogreso de los Estados Unidos     Biblioteca de la Facultad de Psicología Biblioteca de la Facultad de Psicología General 02/02/2017 Fondo Federal 1a. BFP000011833 Ciencias Biológicas y Agropecuarias Ciencias de la Salud HD7261 U75 2016 BFP000011833 02/02/2017 1 Libro